[Event "Turin Piemonte op 6th"]
[Site "Turin"]
[Date "2005.11.25"]
[Round "5"]
[White "Diana, Riccardo"]
[Black "Napoli, Claudio"]
[Result "1/2-1/2"]
[WhiteElo "2096"]
[BlackElo "1799"]
[PlyCount "78"]
[EventDate "2005.11.18"]
[EventType "swiss"]
[EventRounds "9"]
[EventCountry "ITA"]
[SourceTitle "EXT 2007"]
[Source "ChessBase"]
[SourceDate "2006.11.23"]
[SourceVersion "1"]
[SourceVersionDate "2006.11.23"]
[SourceQuality "1"]

1. c4 c6 2. Nf3 d5 3. d4 Nf6 4. Nc3 e6 5. e3 Bd6 6. Bd3 Nbd7 7. 0-0 0-0 8. e4 dxe4 9. Nxe4 Nxe4 10. Bxe4 Nf6 11. Bc2 h6 12. Qe2 Qa5 13. c5 Be7 14. Ne5 Nd5 15. a3 Qc7 16. Qd3 f5 17. f4 b6 18. Ba4 bxc5 19. Bxc6 Bb7 20. Bxb7 Qxb7 21. dxc5 Bxc5+ 22. Kh1 Rad8 23. Qc4 Rc8 24. Qa4 Nb6 25. Qb3 Qd5 26. Qxd5 exd5 27. Rd1 Rfd8 28. b4 Bd6 29. Be3 Bb8 30. Bc5 Nc4 31. Nxc4 dxc4 32. Rdc1 Bxf4 33. Rxc4 Be5 34. Re1 Bb2 35. Rf4 Bxa3 36. Bxa7 Rd5 37. Bc5 g5 38. Rf3 Bb2 39. g3 Kf7 1/2-1/2